Metody integral'nych uravnenij v teorii rassejanija
Salvato in:
| Autore principale: | |
|---|---|
| Altri autori: | |
| Natura: | Libro |
| Lingua: | russo |
| Pubblicazione: |
Moskva
Mir
1987
|
| Edizione: | 1. izd. |
| Tags: |
Nessun Tag, puoi essere il primo ad aggiungerne!!
|
MARC
| LEADER | 00000nam a2200000 4500 | ||
|---|---|---|---|
| 001 | c033147 | ||
| 005 | 20240819112425.8 | ||
| 041 | 0 | |a rus | |
| 044 | |a RU | ||
| 245 | 1 | 0 | |a Metody integral'nych uravnenij v teorii rassejanija |c David Colton, Rainer Kress ; [Z angl. prel.] Ju.A. Jeremin, Je.V. Zacharov |
| 250 | |a 1. izd. | ||
| 264 | 1 | |a Moskva |b Mir |c 1987 | |
| 300 | |a 311 s. | ||
| 100 | 1 | |a Colton, David | |
| 700 | 1 | |a Kress, Rainer | |